000
00251nam a22001097a 4500
999
_c
261218
_d
261217
020
_a
017424536
100
_a
John Jackman Wendy Wren
245
_a
Development
260
_a
London
_b
Thomas Nelson And Sons Ltd
_c
1995
300
_a
96 pgs
942
_c
BK